000 01961nam a22002657a 4500
003 NALT
005 20251125233125.0
008 s2558 th o tha d
020 _a9786163990242
040 _aNALT
086 _aสผ 41 7.3 368.4 2558
090 _aAA 560.T52
_bส226ส 2558
110 2 _aสำนักงานเลขาธิการสภาผู้แทนราษฎร ปฏิบัติหน้าที่สำนักงานเลขาธิการสภาปฏิรูปแห่งชาติ
_91766
245 1 0 _aสภาปฏิรูปแห่งชาติ วาระปฏิรูปพิเศษ 13 :
_bแนวทางการปฏิรูประบบประกันสุขภาพ /
_cสำนักงานเลขาธิการสภาผู้แทนราษฎร ปฏิบัติหน้าที่สำนักงานเลขาธิการสภาปฏิรูปแห่งชาติ.
260 _aกรุงเทพฯ :
_bสำนักการพิมพ์ สำนักงานเลขาธิการสภาผู้แทนราษฎร,
_c2558.
300 _a17 หน้า :
_bภาพประกอบ, ตาราง, แผนภูมิ ;
_c30 ซม.
610 2 4 _aคณะกรรมาธิการปฏิรูปเศรษฐกิจ การเงินและการคลัง สภาปฏิรูปแห่งชาติ
_xรายงาน
_915414
650 4 _aประกันสุขภาพ
_96846
650 4 _aบริการทางการแพทย์
_915434
_xนโยบายของรัฐ
653 4 _aระบบประกันสุขภาพ
850 _aNALT
856 4 0 _uhttps://hdl.handle.net/20.500.14156/454604
942 _cPAR
_2local
999 _c74340
_d74340
998 _j104
_k นางสาวสายฝน ดีงาม